[Event "Ojinaga Perla del Desierto op"]
[Site "Ojinaga"]
[Date "2023.10.26"]
[Round "2"]
[White "Gonzalez Zamora, Juan Carlos"]
[Black "Sierra Arballo, Jesus"]
[Result "1-0"]
[WhiteElo "2479"]
[BlackElo "1787"]
[PlyCount "75"]
[EventDate "2023.10.26"]
[EventType "swiss"]
[EventRounds "7"]
[EventCountry "MEX"]
[SourceTitle "Mega2024 Update 01"]
[Source "Chessbase"]
[SourceDate "2023.11.12"]
[SourceVersion "1"]
[SourceVersionDate "2023.11.12"]
[SourceQuality "1"]

1. d4 Nf6 2. c4 g6 3. Nc3 Bg7 4. e4 d6 5. h3 0-0 6. Be3 e5 7. d5 Na6 8. g4 Nc5 9. Bg2 a5 10. Nge2 Ne8 11. Ng3 f5 12. gxf5 gxf5 13. exf5 Bxf5 14. Nxf5 Rxf5 15. Qc2 Rf8 16. h4 h6 17. 0-0-0 Qe7 18. Rdg1 Kh8 19. Ne4 c6 20. Nxc5 dxc5 21. dxc6 bxc6 22. Bxc6 Rb8 23. Bxe8 Rfxe8 24. Rg6 e4 25. Rhg1 Rxb2 26. Qxb2 Bxb2+ 27. Kxb2 Qe5+ 28. Kc2 Re6 29. Rg8+ Kh7 30. Bd2 Qd4 31. R8g3 Re7 32. Bc3 Qxf2+ 33. Kc1 h5 34. Rg5 Qxh4 35. Rg8 Qf4+ 36. Kb2 Rb7+ 37. Ka3 Rb8 38. R8g7+ 1-0